Answers Start with "Don't" - Statistics

General Stats
  • This quiz has been taken 131 times
    47 since last reset
  • The average score is 10 of 26
Answer Stats
Hint Answer % Correct
1981 signature song by Journey Don't Stop Believin'
83%
1976 Blue Öyster Cult song with cowbell (Don't Fear) The Reaper
73%
1978 energetic single by Queen Don't Stop Me Now
66%
1985 Simple Minds song from Breakfast Club Don't You (Forget About Me)
66%
1976 song included in the musical Evita Don't Cry for Me Argentina
56%
1988 a cappella song by Bobby McFerrin Don't Worry, Be Happy
54%
American revolutionary slogan ("Noli me tangere") Don't Tread on Me
51%
2005 Pussycat Dolls song Don't Cha
49%
1994–2011 policy for the military instituted by Bill Clinton Don't ask, don't tell
46%
Bart Simpson catchphrase Don't have a cow
44%
2021 apocalyptic comedy with Leonardo DiCaprio Don't Look Up
44%
1981 synthpop song by the Human League Don't You Want Me
41%
Anti-littering slogan from Texas Don't Mess with Texas
39%
1995 hit by No Doubt Don't Speak
39%
1979 track from Michael Jackson's Off the Wall Don't Stop 'Til You Get Enough
39%
1980 Police single that references Lolita Don't Stand So Close to Me
37%
1995 Oasis song with Noel Gallagher vocals Don't Look Back in Anger
32%
1956 Elvis Presley song Don't Be Cruel
29%
1969 Beatles song from Let it Be Don't Let Me Down
27%
1979 hit by Electric Light Orchestra Don't Bring Me Down
24%
Phrase on the cover of Hitchhiker's Guide Don't Panic
22%
1986 Crowded House song Don't Dream It's Over
20%
1986 duet between Peter Gabriel and Kate Bush Don't Give Up
20%
1996 spoof hood film with an extremely long name Don't Be A Menace To South Central While Drinking Your Juice In The Hood
12%
1968 Beatles song sung by Ringo Don't {Pass} {Me} {By}
12%
1991 black comedy starring Christina Applegate Don't Tell Mom the Babysitter's Dead
12%
No matching quizzes found
Score Distribution
Percent of People with Each Score
Percentile by Number Answered
Your Score History
You have not taken this quiz since the last reset